Java programming for beginners / (Record no. 40813)

MARC details
000 -LEADER
fixed length control field 00661nam a22001937a 4500
005 - DATE AND TIME OF LATEST TRANSACTION
control field 2010081005485.0
010 ## - LCCN (DPL NO)
LC control number ENG-99450
020 ## - INTERNATIONAL STANDARD BOOK NUMBER
Terms of availability 195.00
035 ## - SYSTEM CONTROL NUMBER
System control number EN-82982
037 ## - SOURCE OF ACQUISITION
Source of stock number/acquisition DBAD/PUB
082 ## - DEWEY DECIMAL CLASSIFICATION NUMBER
Classification number 005.133
100 ## - MAIN ENTRY--PERSONAL NAME
Personal name Krishnaveni ,N.
245 ## - TITLE STATEMENT
Title Java programming for beginners /
Statement of responsibility, etc by N.Krishnaveni
260 ## - PUBLICATION, DISTRIBUTION, ETC. (IMPRINT)
Place of publication, distribution, etc Erode
Name of publisher, distributor, etc Pallavi Pathippagam S.India
Date of publication, distribution, etc 2008
270 ## - ADDRESS
Address 194,Kanna Complex,Mettur road
City Erode
300 ## - PHYSICAL DESCRIPTION
Extent 203p.
Dimensions 24cm (pbk)
942 ## - ADDED ENTRY ELEMENTS (KOHA)
Source of classification or shelving scheme Dewey Decimal Classification
Item type English Books
Classification part 005.133
Call number suffix KRI
Holdings
Withdrawn status Lost status Not for loan Collection code Home library Current library Date acquired Source of acquisition Cost, normal purchase price Full call number Barcode Cost, replacement price Koha item type
    Not For Loan Non-fiction D.B.Act.Division D.B.Act.Division 10/08/2010 DBAD / PUB 195.00 005.133 KRI EN-82982 195.00 English Books

© Delhi Public Library
Hit Counter
free hit counter